Fachkräfte für die Arbeit mit Kindern von inhaftierten Eltern sensibilisieren: das Modellprojekt TAKT

Gespeichert in:  
Bibliographische Detailangaben
1. VerfasserIn: Starke, Sylvia (Verfasst von)
Medienart: Druck Aufsatz
Sprache:Deutsch
Veröffentlicht: 2014
In: Informationsdienst Straffälligenhilfe
Jahr: 2014, Band: 22, Heft: 3, Seiten: 39-42
Verfügbarkeit prüfen: HBZ Gateway
Schlagwörter:

MARC

LEADER 00000caa a2200000 c 4500
001 1629826316
003 DE-627
005 20220607115657.0
007 tu
008 150407s2014 xx ||||| 00| ||ger c
035 |a (DE-627)1629826316 
035 |a (DE-576)428594646 
035 |a (DE-599)BSZ428594646 
040 |a DE-627  |b ger  |c DE-627  |e rakwb 
041 |a ger 
100 1 |a Starke, Sylvia  |4 aut 
245 1 0 |a Fachkräfte für die Arbeit mit Kindern von inhaftierten Eltern sensibilisieren  |b das Modellprojekt TAKT  |c Sylvia Starke 
264 1 |c 2014 
336 |a Text  |b txt  |2 rdacontent 
337 |a ohne Hilfsmittel zu benutzen  |b n  |2 rdamedia 
338 |a Band  |b nc  |2 rdacarrier 
773 0 8 |i In  |t Informationsdienst Straffälligenhilfe  |d Berlin : Bundesarbeitsgemeinschaft für Straffälligenhilfe (BAG-S) e.V., 1993  |g 22(2014), 3, Seite 39-42  |w (DE-627)234524146  |w (DE-600)1395293-6  |w (DE-576)061470864  |x 1610-0484  |7 nnas 
773 1 8 |g volume:22  |g year:2014  |g number:3  |g pages:39-42 
951 |a AR 
ELC |b 1 
LOK |0 000 xxxxxcx a22 zn 4500 
LOK |0 001 3278308859 
LOK |0 003 DE-627 
LOK |0 004 1629826316 
LOK |0 005 20250407121436 
LOK |0 008 150407||||||||||||||||ger||||||| 
LOK |0 040   |a DE-21-110  |c DE-627  |d DE-21-110 
LOK |0 689   |a s  |a Angehörigenarbeit 
LOK |0 689   |a s  |a Straffällige 
LOK |0 689   |a s  |a Kinder 
LOK |0 689   |a s  |a Psychosoziale Folgen 
LOK |0 689   |a s  |a Unterstützungsangebote 
LOK |0 852   |a DE-21-110 
LOK |0 852 1  |m p  |9 00 
LOK |0 938   |k p 
LOK |0 939   |a 07-04-15  |b l01 
ORI |a SA-MARC-krimdoka001.raw